Statistics for NCAA Big 10 Teams

Click here to take the quiz!

General Stats

  • This quiz has been taken 734 times
    (726 since last reset)
  • The average score is 8 of 12

Answer Stats

HintAnswer% Correct
University of Michigan
92%
Michigan State University
85%
Ohio State University
85%
Indiana University
68%
University of Iowa
68%
Illinois University
67%
Wisconsin University
67%
Penn State University
63%
Purdue University
60%
University of Minnesota
60%
Nebraska University
59%
Northwestern University
56%

Score Distribution

Percentile by Number Answered

Percent of People with Each Score

Your Score History

You have not taken this quiz since the last reset